[Event "Druzynowe Mistrzostwa Polski Juniorow - II liga"]
[Site "Sypniewo k. Jastrowia"]
[Date "2023-06-15"]
[Round "2.21"]
[White "Oles, Mateusz"]
[Black "Pekala, Dawid"]
[Result "1-0"]
[WhiteTitle "II"]
[BlackTitle "I"]
[WhiteElo "1471"]
[BlackElo "1534"]

1. e4 2. c5 3. Nf3 4. a6 5. c3 6. g6 7. d4 8. cxd4 9. cxd4 10. d5 11. e5 12. Bg4
13. Nc3 14. e6 15. Be2 16. Bg7 17. Qb3 18. Qd7 19. Na4 20. Qc7 21. Nb6 22. Ra7
23. Be3 24. Ne7 25. Rc1 26. Nbc6 27. O-O 28. O-O 29. Rfd1 30. f6 31. exf6 32.
Bxf6 33. h3 34. Bxf3 35. Bxf3 36. Qd6 37. Na4 38. b5 39. Nc5 40. Rc8 41. Qd3 42.
Nf5 43. Bg4 44. Nce7 45. Qd2 46. Qb6 47. Bxf5 48. gxf5 49. Rc2 50. Rc6 51. Rdc1
52. Ra8 53. Nd7 54. Rxc2 55. Qxc2 56. Qd6 57. Nxf6+ 58. Kg7 59. Nh5+ 60. Kf7 61.
Bf4 62. Qb4 63. Qd2 64. Qa4 65. b3 66. Qa3 67. Bg5 68. Qd6 69. Bxe7 70. Qxe7 71.
Qf4 72. Kg6 73. Rc7 74. Qb4 75. Rg7+ 76. Kxh5 77. Qg5# 1-0

[Event "Druzynowe Mistrzostwa Polski Juniorow - II liga"]
[Site "Sypniewo k. Jastrowia"]
[Date "2023-06-15"]
[Round "2.23"]
[White "Nieckarz, Maja"]
[Black "Szopa, Emilia"]
[Result "0-1"]
[WhiteTitle "I++"]
[BlackTitle "I++"]
[WhiteElo "1514"]
[BlackElo "1697"]

1. e4 2. c6 3. d4 4. d5 5. Nc3 6. dxe4 7. Nxe4 8. Nd7 9. Ng5 10. Ngf6 11. Bd3 12.
g6 13. Qe2 14. Bg7 15. Bd2 16. O-O 17. O-O-O 18. b5 19. h4 20. Nb6 21. h5 22.
Bg4 23. f3 24. Nxh5 25. fxg4 26. Ng3 27. Qf2 28. Nxh1 29. Qh4 30. h6 31. N5f3
32. Qd5 33. Bxh6 34. Nf2 35. Bxg7 36. Nxd3+ 37. Rxd3 38. Kxg7 39. Nh3 40. Rh8
41. Qg3 42. Qxa2 43. Qe5+ 44. Kg8 45. d5 46. Nc4 47. Ra3 48. Nxe5 49. Rxa2 50.
Nxf3 51. gxf3 52. Rxh3 53. dxc6 54. a5 55. c7 56. a4 57. Ra3 58. Rc8 59. Rc3 60.
b4 61. Rc4 62. a3 63. bxa3 64. bxa3 65. Kb1 66. Rxf3 67. Ka2 68. Kf8 69. c3 Ke8
70. Kxa3 71. Kd7 72. Kb4 73. Rxc7 74. Rxc7+ 75. Kxc7 76. c4 77. Kc6 78. c5 Rf4+
79. Kb3 80. Kxc5 0-1

[Event "Druzynowe Mistrzostwa Polski Juniorow - II liga"]
[Site "Sypniewo k. Jastrowia"]
[Date "2023-06-15"]
[Round "2.25"]
[White "Krasniewski, Szymon"]
[Black "Halhoul, Adam"]
[Result "1-0"]
[WhiteTitle "I"]
[BlackTitle "I"]
[WhiteElo "1856"]
[BlackElo "1759"]

1. g3 2. Nf6 3. Bg2 4. g6 5. Nf3 6. Bg7 7. O-O 8. O-O 9. c4 10. d6 11. Nc3 12.
c6 13. Qc2 14. e5 15. d3 16. a5 17. Rb1 18. Na6 19. a3 20. Re8 21. b4 22. axb4
23. axb4 24. d5 25. cxd5 26. cxd5 27. Bg5 28. Qd6 29. Bxf6 30. Bxf6 31. e4 32.
d4 33. Nd5 34. Bd8 35. b5 36. Nc7 37. Nxc7 38. Bxc7 39. Nd2 40. Be6 41. Nc4 42.
Bxc4 43. Qxc4 44. Ba5 45. f4 46. Re7 47. fxe5 48. Qxe5 49. Rb2 50. Rc7 51. Qa2
52. b6 53. Rbf2 54. Raa7 55. Qd5 56. Rc5 57. Qxe5 58. Rxe5 59. Bh3 60. Rxb5 61.
Rxf7 62. Rxf7 63. Be6 64. Bd2 65. Rxf7 66. Be3+ 67. Kg2 68. Rb2+ 69. Rf2+ 1-0

[Event "Druzynowe Mistrzostwa Polski Juniorow - II liga"]
[Site "Sypniewo k. Jastrowia"]
[Date "2023-06-15"]
[Round "2.26"]
[White "Bednarczyk, Mateusz"]
[Black "Krasniewski, Maciej"]
[Result "1/2-1/2"]
[WhiteTitle "I"]
[BlackTitle "I"]
[WhiteElo "1681"]
[BlackElo "1696"]

1. e4 2. g6 3. d4 4. Bg7 5. Nc3 6. d6 7. f4 8. a6 9. Nf3 10. b5 11. a3 12. Nd7
13. Be2 14. Bb7 15. O-O 16. c5 17. d5 18. b4 19. axb4 20. cxb4 21. Na4 22. Ngf6
23. Bd3 24. O-O 25. h3 26. Nb6 27. Be3 28. Nfd7 29. Nxb6 30. Nxb6 31. Ra2 32.
Qc7 33. Qe2 34. a5 35. Nd4 36. Rfc8 37. f5 38. Nd7 39. fxg6 40. hxg6 41. Nb5 42.
Qd8 43. Qf2 44. Ne5 45. Bb6 46. Qd7 47. Na7 48. Rxa7 49. Bxa7 50. a4 51. Bd4 52.
f5 53. Bxe5 54. Bxe5 55. Kh1 56. e6 57. Qe2 58. Rc5 59. dxe6 60. Qxe6 61. Rxa4
62. fxe4 63. Bxe4 64. Bxb2 65. Rxb4 66. Bxe4 67. Rxe4 68. Be5 69. Ref4 70. Rc7
71. Rg4 72. Kg7 73. Qf2 74. Qc8 75. c4 76. Qe8 77. Qf3 78. Qe7 79. Qd5 80. Qe8
81. Qe4 82. Qe6 83. h4 84. Rf7 85. Re1 86. Qf6 87. Qe2 88. Rf8 89. c5 90. Rh8
91. Qe4 92. Rh5 93. cxd6 94. Bxd6 95. Qd4 96. Be5 97. Qd7+ 98. Kh6 99. Qd2+ 100.
Kg7 101. Qd7+ 102. Kh6 103. Qd2+ 1/2-1/2

[Event "Druzynowe Mistrzostwa Polski Juniorow - II liga"]
[Site "Sypniewo k. Jastrowia"]
[Date "2023-06-15"]
[Round "2.27"]
[White "Rzap, Filip"]
[Black "Sakharchuk, Aliaksandr"]
[Result "1-0"]
[WhiteTitle "II+"]
[BlackTitle "II+"]
[WhiteElo "1511"]
[BlackElo "1509"]

1. d4 2. d5 3. c4 4. c6 5. Nf3 6. Nf6 7. Nc3 8. e6 9. e3 10. Nbd7 11. Qc2 12. Bd6
13. b3 14. e5 15. cxd5 16. cxd5 17. dxe5 18. Nxe5 19. Be2 20. O-O 21. O-O 22.
Qc7 23. h3 24. Be6 25. Bb2 26. a6 27. Rac1 28. Qd7 29. Rfd1 30. Rac8 31. Qd2 32.
h6 33. Nxd5 34. Nxf3+ 35. Bxf3 36. Nxd5 37. Bxd5 38. Rxc1 39. Bxc1 40. Bxd5 41.
Qxd5 42. Rd8 43. Kf1 44. Qc7 45. Qc4 46. Qb6 47. Bb2 48. Re8 49. Rd5 50. Qb4 51.
Qxb4 52. Bxb4 53. Ke2 54. Rc8 55. Kd3 56. Kf8 57. Rd7 58. b5 59. Rd4 60. Bc5 61.
Rd5 62. g6 63. Rxc5 1-0

[Event "Druzynowe Mistrzostwa Polski Juniorow - II liga"]
[Site "Sypniewo k. Jastrowia"]
[Date "2023-06-15"]
[Round "2.28"]
[White "Nagly, Krzysztof"]
[Black "Krasniewski, Grzegorz"]
[Result "1-0"]
[WhiteTitle "II"]
[BlackTitle "II"]
[WhiteElo "1459"]
[BlackElo "1220"]

1. e4 2. c5 3. Nf3 4. g6 5. c3 6. Bg7 7. d4 8. cxd4 9. cxd4 10. d5 11. exd5 12.
Nf6 13. Bc4 14. O-O 15. Nc3 16. Nbd7 17. O-O 18. Nb6 19. Qb3 20. Qc7 21. Ne5 22.
Nxc4 23. Nxc4 24. Bd7 25. g3 26. Nh5 27. Re1 28. Rfe8 29. Ne5 30. e6 31. Nxd7
32. Qxd7 33. dxe6 34. Rxe6 35. Rxe6 36. fxe6 37. Be3 38. Nf6 39. Rc1 40. Rc8 41.
Rd1 42. Nd5 43. Nxd5 44. Qxd5 45. Qa4 46. a6 47. Rd3 48. e5 49. Rc3 50. Rd8 51.
dxe5 52. Bxe5 53. Rc5 54. Qf3 55. Qb3+ 56. Kh8 57. Bd4 58. Qxb3 59. Bxe5+ 1-0

[Event "Druzynowe Mistrzostwa Polski Juniorow - II liga"]
[Site "Sypniewo k. Jastrowia"]
[Date "2023-06-15"]
[Round "2.29"]
[White "Wasilowska, Anna"]
[Black "Nagly, Malgorzata"]
[Result "0-1"]
[WhiteTitle "III"]
[BlackTitle "II"]
[WhiteElo "1252"]
[BlackElo "1021"]

1. e4 2. c5 3. Nf3 4. e6 5. d4 6. cxd4 7. Nxd4 8. Nf6 9. Nc3 10. Bb4 11. Bd2 12.
Bxc3 13. Bxc3 14. Nxe4 15. Qf3 16. Nxc3 17. Qxc3 18. O-O 19. O-O-O 20. Qf6 21.
f3 22. d5 23. Be2 24. Nd7 25. h4 26. e5 27. Nb5 28. d4 29. Nxd4 30. exd4 31. Rxd4
32. Re8 33. Bb5 34. Qf5 35. Bd3 36. Qc5 37. Bc4 38. Qc6 39. Rg4 40. Nf6 41. Rf4
42. Be6 43. g4 44. Rac8 45. b3 46. Nd5 47. Qd4 48. Nxf4 49. Qxf4 50. Bxc4 51.
Rh2 52. Bd3 53. Qd2 54. Qxf3 55. c3 56. Re2 57. Rxe2 58. Qxe2 59. Qxe2 60. Bxe2
61. g5 62. Rd8 63. a4 64. f5 65. b4 66. f4 67. a5 68. f3 69. Kb2 70. f2 71. Kb3
72. f1=Q 73. b5 74. Bxb5 75. Kb4 76. Qc4+ 77. Ka3 78. Qxc3+ 79. Ka2 80. Rd2+ 81.
Kb1 82. Bd3# 0-1

[Event "Druzynowe Mistrzostwa Polski Juniorow - II liga"]
[Site "Sypniewo k. Jastrowia"]
[Date "2023-06-15"]
[Round "2.31"]
[White "Kulig, Pawel"]
[Black "Jagodzinski, Jaromir"]
[Result "1-0"]
[WhiteTitle "I"]
[BlackTitle "II+"]
[WhiteElo "1969"]
[BlackElo "1477"]

1. d4 2. d5 3. c4 4. e6 5. Nc3 6. a6 7. cxd5 8. exd5 9. Bf4 10. Nf6 11. e3 12.
Be7 13. Bd3 14. O-O 15. h3 16. Nbd7 17. Nge2 18. c5 19. g4 20. c4 21. Bb1 22.
Qa5 23. Kf1 24. Nb6 25. Ng3 26. Be6 27. Qc2 28. g6 29. f3 30. Bb4 31. h4 32. Bxc3
33. h5 34. Be1 35. hxg6 36. Qd2 37. g7 38. Rfe8 39. Nh5 40. Nbd7 41. Nxf6+ 42.
Nxf6 43. Be5 44. Qxe3 45. Qxh7+ 46. Nxh7 47. Bxh7# 1-0

[Event "Druzynowe Mistrzostwa Polski Juniorow - II liga"]
[Site "Sypniewo k. Jastrowia"]
[Date "2023-06-15"]
[Round "2.32"]
[White "Baranowski, Jan"]
[Black "Ochalik, Filip"]
[Result "1/2-1/2"]
[WhiteTitle "II"]
[BlackTitle "I"]
[WhiteElo "1294"]
[BlackElo "1697"]

1. d4 2. Nf6 3. c4 4. e6 5. Nc3 6. Bb4 7. a3 8. Bxc3+ 9. bxc3 10. d5 11. Bg5 12.
Nbd7 13. cxd5 14. exd5 15. e3 16. O-O 17. Bd3 18. c5 19. Ne2 20. cxd4 21. cxd4
22. h6 23. Bxf6 24. Nxf6 25. O-O 26. Bd7 27. Qb3 28. Bc6 29. Rfb1 30. Qd6 31.
Ng3 32. g6 33. h3 34. a6 35. a4 36. h5 37. Qb4 38. Qd7 39. a5 40. Kg7 41. Qb2
42. Kg8 43. Qe2 44. Rae8 45. Qf3 46. Kg7 47. Qf4 48. Nh7 49. Rb6 50. f5 51. Rc1
52. Rf6 53. h4 54. Nf8 55. Qg5 56. Kf7 57. Qf4 58. Re7 59. Nf1 60. Qe8 61. Nd2
62. Nd7 63. Rb2 64. Qd8 65. Ra1 66. Nf8 67. Nf3 68. Kg7 69. Ng5 1/2-1/2

[Event "Druzynowe Mistrzostwa Polski Juniorow - II liga"]
[Site "Sypniewo k. Jastrowia"]
[Date "2023-06-15"]
[Round "2.33"]
[White "Futyma, Dawid"]
[Black "Ejsymont, Eryk"]
[Result "1-0"]
[WhiteTitle "I"]
[BlackTitle "II+"]
[WhiteElo "1685"]
[BlackElo "1385"]

1. Nf3 2. Nf6 3. e3 4. g6 5. b3 6. Bg7 7. Bb2 8. O-O 9. d4 10. d6 11. Nbd2 12.
Nc6 13. Bd3 14. Nd7 15. e4 16. e5 17. d5 18. Nb4 19. Be2 20. a5 21. a3 22. Na6
23. Bxa6 24. Rxa6 25. h4 26. h6 27. h5 28. g5 29. g4 30. Qf6 31. Qe2 32. Qf4 33.
Nh2 34. c6 35. c4 36. Nf6 37. f3 38. Qg3+ 39. Kd1 40. Nd7 41. Ndf1 42. Qf4 43.
Ne3 44. Qf6 45. Nhf1 46. Nc5 47. Kc2 48. a4 49. bxa4 50. Nxa4 51. Nd2 52. c5 53.
Rhb1 54. Bd7 55. Bc1 56. Qd8 57. Kd3 58. Qa5 59. Rb3 60. Rb6 61. Nd1 62. Qa6 63.
Rab1 64. Rxb3+ 65. Rxb3 66. b5 67. Ke3 68. b4 69. Qd3 70. Qa7 71. Ke2 72. Rb8
73. Qb1 74. Nb6 75. axb4 76. Ba4 77. Ra3 78. Qb7 79. b5 80. Bxd1+ 81. Kxd1 82.
Ra8 83. Qa2 84. Bf8 85. Kc2 86. Be7 87. Kd3 88. Bd8 89. Nb3 90. Rxa3 91. Qxa3
92. Nc8 93. Bd2 94. Kf8 95. Qa6 96. Qxa6 97. bxa6 98. Ke7 99. Na5 100. Bxa5 101.
Bxa5 102. Kd7 103. Kc3 104. Na7 105. Kb3 106. Nc8 107. Ka4 108. Ke8 109. Kb5 110.
Kd7 111. Bb6 112. f6 113. a7 114. Nxa7+ 115. Bxa7 116. Kc7 117. Bxc5 118. dxc5
119. Kxc5 120. Kd7 121. d6 122. Kd8 123. Kc6 124. Kc8 125. d7+ 126. Kd8 127. Kd6
128. f5 129. gxf5 130. g4 131. f6 132. gxf3 133. f7 134. f2 135. f8=Q# 1-0

[Event "Druzynowe Mistrzostwa Polski Juniorow - II liga"]
[Site "Sypniewo k. Jastrowia"]
[Date "2023-06-15"]
[Round "2.34"]
[White "Rabiej, Mateusz"]
[Black "Krzyzek, Daniel"]
[Result "1-0"]
[WhiteTitle "II"]
[BlackTitle "II"]
[WhiteElo "1243"]
[BlackElo "1244"]

1. e4 2. e6 3. d4 4. d5 5. Nd2 6. c5 7. c3 8. Nf6 9. e5 10. Nfd7 11. Ngf3 12. Nc6
13. Bb5 14. Qb6 15. Bxc6 16. bxc6 17. O-O 18. Be7 19. a3 20. cxd4 21. cxd4 22.
c5 23. Nb3 24. Rb8 25. Nxc5 26. Nxc5 27. dxc5 28. Bxc5 29. b4 30. Be7 31. Be3
32. Qa6 33. Nd4 34. Bd7 35. Qg4 36. Kf8 37. Rfc1 38. f5 39. exf6 40. Bxf6 41.
h3 42. Rb7 43. Qf3 44. Ke7 45. Qg3 46. Rc8 47. Rxc8 48. Bxc8 49. b5 50. Rxb5 51.
Nxb5 52. Bxa1 53. Qc7+ 54. Kf6 55. Qd8+ 56. Ke5 57. Qh4 58. d4 59. Bxd4+ 60. Bxd4
61. Qxd4+ 62. Kf5 63. Nd6+ 64. Kg6 65. f4 66. Qxa3 67. Qe5 68. h6 69. Qe4+ 70.
Kf6 71. Qd4+ 72. Kg6 73. Kh2 74. Ba6 75. Qe4+ 76. Kf6 77. Qe5+ 78. Ke7 79. Qxg7+
80. Kxd6 81. Qf8+ 1-0

[Event "Druzynowe Mistrzostwa Polski Juniorow - II liga"]
[Site "Sypniewo k. Jastrowia"]
[Date "2023-06-15"]
[Round "2.35"]
[White "Siwak, Aleksandra"]
[Black "Nurkiewicz, Anna"]
[Result "1-0"]
[WhiteTitle "II"]
[BlackTitle "I+"]
[WhiteElo "1172"]
[BlackElo "1247"]

1. e4 2. c5 3. Nc3 4. Nc6 5. g3 6. g6 7. Bg2 8. Bg7 9. d3 10. Nf6 11. f4 12. d6
13. Nf3 14. O-O 15. O-O Rb8 16. a4 17. a6 18. h3 19. Qc7 20. g4 21. b5 22. axb5
23. axb5 24. Ne2 25. Bb7 26. c3 27. b4 28. Be3 29. Ra8 30. Qd2 31. Ra5 32. f5
33. Rfa8 34. Rxa5 35. Rxa5 36. Qc2 37. bxc3 38. bxc3 39. Na7 40. Rb1 41. c4 42.
Bb6 43. cxd3 44. Qxd3 45. Qc8 46. Bxa5 47. Bxe4 48. Qe3 49. Bxb1 50. Qxa7 51.
Nd5 52. Nd2 53. Nxc3 54. Nxc3 55. Bxc3 56. Nxb1 57. Bxa5 58. Qxa5 59. Qc1+ 60.
Kh2 61. Qxb1 62. Qd8+ 63. Kg7 64. Qxe7 65. gxf5 66. Qg5+ 67. Kh8 68. gxf5 69.
Qd3 70. Qd8+ 71. Kg7 72. f6+ 73. Kg6 74. Qh8 75. Kh5 76. Qg7 77. Qg6 78. Bd5 79.
Qc2+ 80. Kg3 81. Qd3+ 82. Bf3+ 83. Qxf3+ 84. Kxf3 85. h6 86. Qg4# 1-0

[Event "Druzynowe Mistrzostwa Polski Juniorow - II liga"]
[Site "Sypniewo k. Jastrowia"]
[Date "2023-06-15"]
[Round "2.36"]
[White "Ejsymont, Blanka"]
[Black "Pawlikowska, Ewa"]
[Result "1-0"]
[WhiteTitle "I++"]
[BlackTitle "I"]
[WhiteElo "1444"]
[BlackElo "1325"]

1. e4 2. c5 3. Nf3 4. d6 5. d4 6. cxd4 7. Nxd4 8. Nf6 9. Nc3 10. a6 11. Be2 12.
e5 13. Nb3 14. Be7 15. O-O 16. Be6 17. Be3 18. O-O 19. a4 20. Qc7 21. a5 22. Nbd7
23. Nd5 24. Bxd5 25. exd5 26. b6 27. c4 28. Ne4 29. axb6 30. Nxb6 31. Na5 32.
f5 33. f3 34. Nc5 35. b4 36. Nb7 37. Nc6 38. Bf6 39. Qb3 40. Nd8 41. c5 42. Nc8
43. Rxa6 44. Rxa6 45. Bxa6 46. Nxc6 47. dxc6+ 48. Kh8 49. b5 50. Ne7 51. cxd6
52. Qxd6 53. Rd1 54. Qc7 55. Rc1 56. e4 57. b6 58. Qd6 59. c7 60. Nc8 61. Bxc8
62. Rxc8 63. b7 64. Rxc7 65. b8=Q+ 66. Bd8 67. Rd1 68. Qe7 69. Rxd8+ 70. Qxd8
71. Qxd8# 1-0

[Event "Druzynowe Mistrzostwa Polski Juniorow - II liga"]
[Site "Sypniewo k. Jastrowia"]
[Date "2023-06-15"]
[Round "2.37"]
[White "Doroba, Ludwik"]
[Black "Bajer, Tomasz"]
[Result "1-0"]
[WhiteTitle "II"]
[BlackTitle "I"]
[WhiteElo "1420"]
[BlackElo "1485"]

1. e4 2. c5 3. Nf3 4. Nc6 5. d4 6. cxd4 7. Nxd4 8. g6 9. Nc3 10. Bg7 11. Nb3 12.
Nf6 13. Be2 14. O-O 15. O-O 16. d6 17. Re1 18. a6 19. Bf1 20. b5 21. Bg5 22. Re8
23. Nd5 24. Ne5 25. Bxf6 26. exf6 27. a4 28. b4 29. Nxb4 30. f5 31. exf5 32. Bxf5
33. Nxa6 34. Rc8 35. c3 36. Qg5 37. Re3 38. Bg4 39. Be2 40. f5 41. Bxg4 42. Nxg4
43. Rxe8+ 44. Rxe8 45. h3 46. Nf6 47. Nd4 48. Ne4 49. Nf3 50. Qd8 51. Nb4 52.
Qb6 53. Nd4 54. Rb8 55. a5 56. Qd8 57. Nf3 58. Rb5 59. a6 60. Ra5 61. Rxa5 62.
Qxa5 63. Qd5+ 1-0

[Event "Druzynowe Mistrzostwa Polski Juniorow - II liga"]
[Site "Sypniewo k. Jastrowia"]
[Date "2023-06-15"]
[Round "2.38"]
[White "Spytek, Hubert"]
[Black "Rumniak, Aleksy"]
[Result "1-0"]
[WhiteTitle "II+"]
[BlackTitle "II"]
[WhiteElo "1440"]
[BlackElo "1272"]

1. d4 2. Nf6 3. c4 4. g6 5. Nc3 6. Bg7 7. e4 8. d6 9. Nf3 10. O-O 11. Be2 12. c5
13. d5 e6 14. Bg5 15. exd5 16. exd5 17. Bg4 18. O-O 19. Bxf3 20. Bxf3 21. Nbd7
22. Re1 23. a6 24. a4 25. h6 26. Bf4 27. Qc7 28. Qc2 29. Rae8 30. h3 31. Ne5 32.
Bxe5 33. Rxe5 34. Rxe5 35. dxe5 36. Rd1 37. Qd6 38. Qb3 39. Rb8 40. a5 41. Nd7
42. Na4 43. f5 44. Be2 45. e4 46. f3 47. Bd4+ 48. Kh1 49. Qg3 50. Rxd4 cxd4 51.
Bd1 52. d3 53. c5 54. Qe5 55. d6+ 56. Kg7 57. Qc4 58. Kf6 59. Bb3 60. Rf8 61.
Nb6 62. Nxb6 63. axb6 64. e3 65. f4 66. e2 67. fxe5+ 68. Kg5 69. Qc3 1-0

[Event "Druzynowe Mistrzostwa Polski Juniorow - II liga"]
[Site "Sypniewo k. Jastrowia"]
[Date "2023-06-15"]
[Round "2.41"]
[White "Mitrega, Wiktoria"]
[Black "Gornisiewicz, Natalia"]
[Result "1/2-1/2"]
[WhiteTitle "I"]
[BlackTitle "I++"]
[WhiteElo "1348"]
[BlackElo "1533"]

1. c4 2. Nf6 3. Nc3 4. g6 5. Nf3 6. Bg7 7. g3 8. O-O 9. Bg2 10. c5 11. d3 12. Nc6
13. O-O 14. d6 15. a3 16. a6 17. h3 18. Rb8 19. Rb1 20. b5 21. cxb5 22. axb5 23.
b4 24. cxb4 25. axb4 26. Qc7 27. Bd2 28. d5 29. Qb3 30. d4 31. Nd5 32. Nxd5 33.
Qxd5 34. Qb6 35. Rfc1 36. Bb7 37. Qc5 38. Ba8 39. Qxb6 40. Rxb6 41. Ra1 42. Rd8
43. Ng5 44. h6 45. Ne4 46. Ne5 47. Rc7 48. Bf8 49. f4 50. Nc6 51. Nc5 52. e6 53.
Rxa8 54. Rxa8 55. Bxc6 56. Rd8 57. Bf3 58. Bd6 59. Ra7 60. Bb8 1/2-1/2

[Event "Druzynowe Mistrzostwa Polski Juniorow - II liga"]
[Site "Sypniewo k. Jastrowia"]
[Date "2023-06-15"]
[Round "2.42"]
[White "Owczarek, Hanna"]
[Black "Piotrowska, Weronika"]
[Result "1-0"]
[WhiteTitle "I"]
[BlackTitle "II"]
[WhiteElo "1326"]
[BlackElo "1032"]

1. e4 2. e5 3. Nf3 4. Nc6 5. Bb5 6. Bc5 7. O-O 8. d6 9. c3 10. Bd7 11. d4 12. exd4
13. cxd4 14. Bb6 15. Nc3 16. h6 17. Re1 18. Nge7 19. Bf4 20. Ng6 21. Bg3 22. O-O
23. e5 24. dxe5 25. dxe5 26. Re8 27. Qd2 28. a6 29. Ba4 30. Ba5 31. Bc2 32. Bg4
33. Bxg6 34. Bxf3 35. Bxf7+ 36. Kxf7 37. Qf4+ 38. Kg8 39. Qxf3 40. Rf8 41. Qe4
42. Bxc3 43. bxc3 44. Re8 45. Rab1 46. Rb8 47. Rbd1 48. Qe7 49. e6 50. Rbd8 51.
Bh4 52. Rxd1 53. Bxe7 54. Rxe1+ 55. Qxe1 56. Rxe7 57. f4 58. g6 59. g4 60. Kg7
61. f5 62. gxf5 63. gxf5 64. Kf6 65. Qe4 66. a5 67. Kf1 68. h5 69. a4 70. Kg5
71. h4+ 1-0

[Event "Druzynowe Mistrzostwa Polski Juniorow - II liga"]
[Site "Sypniewo k. Jastrowia"]
[Date "2023-06-15"]
[Round "2.43"]
[White "Syrkiewicz, Michal"]
[Black "Stanislawski, Karol"]
[Result "1/2-1/2"]
[WhiteTitle "k"]
[BlackTitle "I"]
[WhiteElo "1945"]
[BlackElo "1758"]

1. e4 2. e6 3. d4 4. d5 5. Nc3 6. dxe4 7. Nxe4 8. Bd7 9. Nf3 10. Bc6 11. Bd3 12.
Nd7 13. Qe2 14. Ngf6 15. Bg5 16. Be7 17. Nxf6+ 18. Nxf6 19. O-O-O 20. Bxf3 21.
Qxf3 22. Qd5 23. Qxd5 24. Nxd5 25. Bd2 26. O-O 27. Rhe1 28. Rfd8 29. Bf1 30. Bf6
31. c3 32. Rac8 33. g4 34. c5 35. dxc5 36. Rxc5 37. Kb1 38. h6 39. Bg2 40. Rd6
41. Bxd5 42. Rcxd5 43. Kc2 44. a6 45. f3 46. Rd7 47. b3 48. Rc7 49. Re3 50. Rcd7
51. c4 52. Rd4 53. Ree1 54. Rd3 55. Bb4 56. Rxd1 57. Rxd1 58. Rxd1 59. Kxd1 60.
Be5 61. h3 62. f5 63. Ke2 64. Kf7 65. Kd3 66. Ke8 67. Bd2 68. Ke7 69. h4 70. Kf6
71. h5 72. Bd6 73. b4 74. e5 75. c5 76. Bc7 77. gxf5 78. Kxf5 79. a4 80. g6 81.
hxg6 82. Kxg6 83. Ke4 84. h5 85. Be1 86. Kg5 87. Bg3 88. h4 89. Bh2 90. h3 91.
Bg3 92. Kf6 1/2-1/2

[Event "Druzynowe Mistrzostwa Polski Juniorow - II liga"]
[Site "Sypniewo k. Jastrowia"]
[Date "2023-06-15"]
[Round "2.44"]
[White "Gorecki, Michal"]
[Black "Olszewski, Antoni"]
[Result "1-0"]
[WhiteTitle "II+"]
[BlackTitle "I"]
[WhiteElo "1509"]
[BlackElo "1767"]

1. e4 2. e5 3. Nf3 4. Nc6 5. Bb5 6. a6 7. Ba4 8. Nf6 9. O-O 10. Be7 11. Re1 12.
b5 13. Bb3 14. O-O 15. h3 16. d6 17. c3 18. Bb7 19. d4 20. Re8 21. Nbd2 22. Bf8
23. Bc2 24. exd4 25. cxd4 26. Nb4 27. Bb1 28. c5 29. d5 30. a5 31. Nf1 32. g6
33. a3 34. Na6 35. Ng3 36. Bg7 37. Bf4 38. Qb6 39. Qd2 40. Nd7 41. Bh6 42. Bh8
43. Ng5 44. Ne5 45. Ba2 46. c4 47. Kh2 48. Nd3 49. Rf1 50. Nxb2 51. f4 52. c3
53. Qe2 54. b4 55. f5 56. Re7 57. fxg6 58. hxg6 59. Nxf7 60. Rxf7 61. Qg4 62.
Rg7 63. Bxg7 64. Bxg7 65. Qxg6 66. Qc7 67. Nh5 1-0

[Event "Druzynowe Mistrzostwa Polski Juniorow - II liga"]
[Site "Sypniewo k. Jastrowia"]
[Date "2023-06-15"]
[Round "2.45"]
[White "Chmielnicki, Michal"]
[Black "Szeszycki, Jan"]
[Result "1-0"]
[WhiteTitle "II"]
[BlackTitle "II"]
[WhiteElo "1087"]
[BlackElo "1218"]

1. e4 2. c5 3. Nf3 4. Nc6 5. d4 6. cxd4 7. Nxd4 8. Nf6 9. Nc3 10. e5 11. Nf3 12.
Bb4 13. Bd3 14. d5 15. exd5 16. Nxd5 17. Bd2 18. Nxc3 19. Bxc3 20. Bxc3+ 21. bxc3
22. O-O 23. O-O 24. Be6 25. Re1 26. f6 27. Qd2 28. Qc7 29. Qe2 30. Ne7 31. Qe4
32. Bf5 33. Qc4+ 34. Qxc4 35. Bxc4+ 36. Kh8 37. Bb3 38. Rac8 39. Re3 40. Rfd8
41. Nh4 42. Bd7 43. Rd3 44. Bb5 45. Re3 46. Nd5 47. Rf3 48. Nxc3 49. Ng6+ 50.
hxg6 51. Rh3# 1-0

[Event "Druzynowe Mistrzostwa Polski Juniorow - II liga"]
[Site "Sypniewo k. Jastrowia"]
[Date "2023-06-15"]
[Round "2.48"]
[White "Lukasik, Aleksandra"]
[Black "Kalata, Julia"]
[Result "1-0"]
[WhiteTitle "I"]
[BlackTitle "I"]
[WhiteElo "1252"]
[BlackElo "1061"]

1. e4 2. e5 3. Nf3 4. Nc6 5. Bb5 6. a6 7. Ba4 8. Nf6 9. Qe2 10. b5 11. Bb3 12.
Bc5 13. c3 14. O-O 15. O-O 16. d6 17. Rd1 18. Bg4 19. h3 20. Bh5 21. d3 22. h6
23. Nbd2 24. Qd7 25. Nf1 26. Rfe8 27. Ng3 28. Bxf3 29. Qxf3 30. Rad8 31. Nf5 32.
Ne7 33. Nxh6+ 34. gxh6 35. Qxf6 36. Kh7 37. Bxf7 38. Ng6 39. Qxg6+ 40. Kh8 41.
Qxh6# 1-0

[Event "Druzynowe Mistrzostwa Polski Juniorow - II liga"]
[Site "Sypniewo k. Jastrowia"]
[Date "2023-06-15"]
[Round "2.49"]
[White "Kotula, Pawel"]
[Black "Skrzypinski, Jan"]
[Result "0-1"]
[WhiteTitle "I"]
[BlackTitle "I"]
[WhiteElo "1798"]
[BlackElo "1862"]

1. d4 2. Nf6 3. c4 4. g6 5. Nc3 6. Bg7 7. e4 8. d6 9. h3 10. O-O 11. Bg5 12. c5
13. d5 14. e6 15. Bd3 16. exd5 17. cxd5 18. b5 19. Bxb5 20. h6 21. Bxf6 22. Bxf6
23. Nge2 24. a6 25. Bd3 26. Nd7 27. O-O 28. Rb8 29. Rb1 30. Ne5 31. Bc2 32. Qa5
33. Bb3 34. c4 35. Bc2 36. Nd7 37. Nd4 38. Rxb2 39. Nce2 40. Rxb1 41. Bxb1 42.
Qc5 43. Qd2 44. Ne5 45. Qxh6 46. a5 47. Qe3 48. Ba6 49. Rc1 50. Rb8 51. Qc3 52.
Nd3 53. Rd1 54. Nb2 55. Rf1 56. Na4 57. Qc2 58. Bxd4 59. Nxd4 60. Qxd4 61. Qxa4
62. Qc5 63. Kh1 64. c3 65. Rg1 66. Qxf2 67. Bc2 68. Rb2 69. Qxa5 70. Bf1 71. Qd8+
72. Kh7 73. Qg5 74. Rxc2 75. h4 76. Bxg2+ 0-1

[Event "Druzynowe Mistrzostwa Polski Juniorow - II liga"]
[Site "Sypniewo k. Jastrowia"]
[Date "2023-06-15"]
[Round "2.50"]
[White "Kaczmarek, Jan"]
[Black "Jania, Kamil"]
[Result "0-1"]
[WhiteTitle "II+"]
[BlackTitle "II"]
[WhiteElo "1574"]
[BlackElo "1130"]

1. d4 2. c6 3. c4 4. Nf6 5. Nf3 6. d5 7. Nc3 8. dxc4 9. a4 10. Bf5 11. e3 12. e6
13. Bxc4 14. Be7 15. O-O 16. Nbd7 17. Qe2 18. Be4 19. Ng5 20. Bg6 21. Rd1 22.
O-O 23. e4 24. h6 25. Nh3 26. Nb6 27. Bd3 28. Bh5 29. f3 30. Qxd4+ 31. Be3 32.
Qd8 33. Nf4 34. Qc7 35. g4 36. Bg6 37. Nxg6 38. fxg6 39. Rac1 40. a6 41. Qg2 42.
g5 43. h4 44. gxh4 45. g5 46. hxg5 47. e5 48. Nfd5 49. Bxg5 50. Qxe5 0-1